000 00271 a2200109 4500
001 68556
040 _cAnchieta - Itaigara
240 1 0 _aA mbrira da beira do rio Zambeze
_l
245 1 0 _aA mbrira da beira do rio Zambeze
650 4 _aLiteratura infanto-juvenil
942 _cMU
999 _c68556
_d68556